| 000 | 00473nam a2200169Ia 4500 | ||
|---|---|---|---|
| 008 | 230718s9999 xx 000 0 und d | ||
| 020 | _a0-333-63719-4 | ||
| 041 | _aeng | ||
| 082 |
_a621.382'2 _bTER |
||
| 100 |
_aTerrell T.T. _9135792 |
||
| 245 | _aDigital Signal Processing Student Guide | ||
| 260 |
_c1996 _bMacmillan |
||
| 300 |
_a326 _dRef 598 E (11731) |
||
| 365 |
_cRs. _b700.00 |
||
| 700 |
_aTerrell T.T. & Link K. _9186805 |
||
| 906 |
_dB:15-Apr-2008 _cME ETC _b105 |
||
| 999 |
_c300525 _d300525 |
||